000
00256nam a2200097Ia 4500
001
690687
005
20250826161820.0
008
250824s9999 xx 000 0 und d
245
0
_a
TARİHİ DEĞİŞTİREN ASKERLER
_c
ALİ ÇİMEN
260
_b
TİMAŞ YAYINLARI
999
_c
690687
_d
690687